| 000 | 00644nam a2200181Ia 4500 | ||
|---|---|---|---|
| 008 | 090630s9999 xx 000 0 und d | ||
| 082 | _b9793 | ||
| 100 | _aमाडगुळकर ग. दि. | ||
| 245 |
_aग. दि. माडगुळकर. _cमाडगुळकर ग. दि. |
||
| 260 |
_bमराठी पॅकेट बुक्स. _c1987 |
||
| 300 | _a70 | ||
| 600 | _aमाडगुळकर ग. दि. | ||
| 630 | _aग. दि. माडगुळकर. | ||
| 655 | _aलघुकथा. | ||
| 700 | _aमाडगुळकर ग. दि. | ||
| 730 | _aग. दि. माडगुळकर. | ||
| 942 | _cBOOK | ||
| 999 |
_c261649 _d261649 |
||